000 00708nam a2200253Ia 4500
003 OSt
005 20220924114749.0
006 a|||||r|||| 00| 0
007 ta
008 220923b |||||||| |||| 00| 0 ara d
020 _c125.00
024 _a337109
037 _cTextual
040 _aARTS
_cARTS
_bara
041 _2ara
_aara
082 _aO28,1:g(Q:1), M6
100 _aShauri Mustafi Abdul Shafi Au.
_9175221
245 0 _aAl-sher-al-jahli tafseer astoori
260 _aCairo
_bDar-al-ma'arif Egypt
_c1986
300 _a195p.
_ccm.
650 _aARABIC POETRY
942 _hO28,1:g(Q:1), M6
_cTEXL
_2CC
999 _c395161
_d395161